| 000 | 01062nam a22003137i 4500 | ||
|---|---|---|---|
| 003 | URS | ||
| 005 | 20220117150929.0 | ||
| 008 | 171108s2013 cau||||| |||| 00| 0 eng d | ||
| 020 | _a9781111988715 | ||
| 040 | _cURS | ||
| 050 | 1 | 4 |
_aQP 31.2 _bSh586 2013 |
| 100 | 1 | _aSherwood, Lauralee | |
| 245 | 1 | 0 |
_aAnimal physiology : _bfrom genes to organisms / _cLauralee Sherwood, Hillar Klandorf, Paul H. Yanc |
| 250 | _aSecond edition | ||
| 264 | 1 |
_aBelmont, California : _bBrooks/Cole, _c[2013] |
|
| 264 | 4 | _c©2013 | |
| 300 |
_axxii, 816, 58 pages : _bcolor illustrations ; _c28 cm |
||
| 336 |
_2rdacontent _atext |
||
| 336 |
_2rdacontent _astill image |
||
| 337 |
_2rdamedia _aunmediated |
||
| 338 |
_2rdacarrier _avolume |
||
| 500 | _aIncludes index. | ||
| 524 | _aSherwood, L., Klandorf, H., and Yanc, P. H. (2013). Animal physiology : from genes to organisms. Belmont, California: Brooks/Cole. | ||
| 650 | 0 | _aPhysiology. | |
| 650 | 0 | _aPhysiology, Comparative. | |
| 700 | 1 |
_aKlandorf, Hillar, _eauthor |
|
| 700 | 1 | _aYancey, Paul H. | |
| 942 |
_cR _2lcc |
||
| 999 |
_c16063 _d16063 |
||